000
00311nam a2200133Ia 4500
008
150201s1985 xx 000 0 und d
082
_a
611.88
_b
H85J
100
_a
JOSEPH,J
245
_a
HUMAN OSTEOLOGY
250
_a
5TH
260
_b
JAYPEE BROTHERS
_a
DELHI
_c
1985
650
_a
HUMAN ANATOMY
942
_2
ddc
_c
BK
999
_c
1018
_d
1018